000 00676nam a22002052 4500
001 0000025553
005 20151217154558.0
008 151026s xx 000 0 eng d
020 _a0199560738 :
040 _aKABU
_cKABU
100 1 _aSchabas, William A.
_@0000186229
245 1 4 _aThe International Criminal Court :
_bA Commentary from the Rome statue.
260 _aUK :
_bO.U.P.,
_c2010.
300 _alxx, 1259 p. ;
_c cm.
650 0 _aInternational Criminal Court.
_@0000159664
650 0 _aRome Statute of the International Criminal Court.
_@0000186230
852 1 _9P38000KES
908 _a151026
950 _@1
999 _c11799
_d11799